000 00627nam a2200241Ia 4500
003 OSt
005 20220918185706.0
006 a|||||r|||| 00| 0
007 ta
008 220917b |||||||| |||| 00| 0 eng d
024 _a52,031
037 _cTextual
040 _aARTS
_cARTS
_beng
041 _2eng
_aeng
082 _aP111:(R1), L4
100 _aStrawson P F
245 0 _aSubject and predicate in logic and grammar
260 _aLondon
_bMethuen
_c1974
300 _aviii,144p.
_ccm.
650 _aLINGUISTICS
942 _hP111:(R1), L4
_cTEXL
_2CC
999 _c181622
_d181622